000 00651nam a22002417a 4500
003 UA-OsUOA
001 46197
007 ta
008 20070608b un ||||| |||| 00| 0 ukr d
100 _aМаманчук О. І.
090 _a32:94(477)
_bМ22
942 _cBK
040 _aUA-OsUOA
_bukr
_cUA-OsUOA
_dUA-OsUOA
245 _aАктуальні проблеми політичної історії України
_bМонографія
300 _a309 с.
955 _a2
041 _aukr
080 _a32:94(477)
020 _a966-574-788-6
260 _aК.
_bКНЕУ
_c2005
650 7 _a32 Політика
_2UDC
999 _c332295
_d332295